000 00410nam a2200169Ia 4500
008 221030s9999 xx 000 0 und d
020 _a8178089068
041 _aEnglish
082 _a105.23
_bYen
100 _aJ. Yen
245 0 _aFUZZY LOGIC- Intelligence, Control & Information
260 _bPearson Education
_aDelhi
_c2005
300 _a530
650 _aComputers
700 _aR. Langari
942 _cBK
999 _c544
_d544